Study on cattle growth by using natural pasture in chhum kiri district, kampot province, ការសិក្សាកំណើនលូតលាស់របស់គោដោយប្រើវាលស្នៅធម្មជាតិនៅស្រុកជុំគីរី ខេត្តកំពត (Record no. 2149)
[ view plain ]
| 000 -LEADER | |
|---|---|
| fixed length control field | 00674nam a22001577a 4500 |
| 003 - CONTROL NUMBER IDENTIFIER | |
| control field | OSt |
| 005 - DATE AND TIME OF LATEST TRANSACTION | |
| control field | 20151007145311.0 |
| 008 - FIXED-LENGTH DATA ELEMENTS--GENERAL INFORMATION | |
| fixed length control field | 151007b xxu||||| |||| 00| 0 eng d |
| 040 ## - CATALOGING SOURCE | |
| Transcribing agency | RUA |
| 082 ## - DEWEY DECIMAL CLASSIFICATION NUMBER | |
| Classification number | AVM CHU 2008 B080 Or.1 |
| 100 ## - MAIN ENTRY--PERSONAL NAME | |
| 9 (RLIN) | 2280 |
| Personal name | CHUN, SREYTOUCH. |
| 245 ## - TITLE STATEMENT | |
| Title | Study on cattle growth by using natural pasture in chhum kiri district, kampot province, ការសិក្សាកំណើនលូតលាស់របស់គោដោយប្រើវាលស្នៅធម្មជាតិនៅស្រុកជុំគីរី ខេត្តកំពត |
| 260 ## - PUBLICATION, DISTRIBUTION, ETC. (IMPRINT) | |
| Place of publication, distribution, etc. | Phnom Penh |
| Name of publisher, distributor, etc. | RUA |
| Date of publication, distribution, etc. | 2008 |
| 300 ## - PHYSICAL DESCRIPTION | |
| Extent | vii; 35p. |
| Other physical details | ill. |
| Dimensions | 29cm. |
| 942 ## - ADDED ENTRY ELEMENTS (KOHA) | |
| Source of classification or shelving scheme | |
| Koha item type | AVM |
| Price effective from | Date last seen | Permanent Location | Not for loan | Date acquired | Source of classification or shelving scheme | Koha item type | Lost status | Withdrawn status | Date last checked out | Total Checkouts | Shelving location | Damaged status | Barcode | Current Location | Full call number |
|---|---|---|---|---|---|---|---|---|---|---|---|---|---|---|---|
| 2015-10-07 | 2015-10-07 | Library Block B | 2015-10-07 | AVM | B080 | RUA008708 | Library Block B | AVM CHU 2008 B080 Or.1 | |||||||
| 2015-10-07 | 2023-11-07 | Library Block B | 2015-10-07 | AVM | 2023-10-27 | 1 | B080 | RUA008420 | Library Block B | AVM CHU 2008 B080 Or.2 | |||||
| 2015-10-07 | 2023-10-03 | Library Block B | 2015-10-07 | AVM | 2023-09-20 | 1 | B080 | RUA008670 | Library Block B | AVM CHU 2008 B080 Or.3 | |||||
| 2015-10-07 | 2015-10-07 | Library Block B | 2015-10-07 | AVM | B080 | RUA008522 | Library Block B | AVM CHU 2008 B080 Or.4 | |||||||
| 2015-10-07 | 2015-10-07 | Library Block B | 2015-10-07 | AVM | B080 | RUA008542 | Library Block B | AVM CHU 2008 B080 Or.5 | |||||||
| 2015-10-07 | 2015-10-07 | Library Block B | 2015-10-07 | AVM | B080 | RUA008597 | Library Block B | AVM CHU 2008 B080 Or.6 | |||||||
| 2015-10-09 | 2015-10-09 | Library Block B | 2015-10-09 | AVM | B080 | RUA025400 | Library Block B | AVM CHU 2008 B080 Or.7 | |||||||
| 2015-10-09 | 2015-10-09 | Library Block B | 2015-10-09 | AVM | B080 | RUA009637 | Library Block B | AVM CHU 2008 B080 Or.8 | |||||||
| 2015-10-09 | 2015-10-09 | Library Block B | 2015-10-09 | AVM | B080 | RUA009719 | Library Block B | AVM CHU 2008 B080 Or.9 |